<?xml version="1.0" encoding="UTF-8"?>
<record
    xmlns:xsi="http://www.w3.org/2001/XMLSchema-instance"
    xsi:schemaLocation="http://www.loc.gov/MARC21/slim http://www.loc.gov/standards/marcxml/schema/MARC21slim.xsd"
    xmlns="http://www.loc.gov/MARC21/slim">

  <leader>03269cam a2200301 i 4500</leader>
  <controlfield tag="001">18979775</controlfield>
  <controlfield tag="005">20230717103956.0</controlfield>
  <controlfield tag="008">160218s2016    enk      b    001 0 eng  </controlfield>
  <datafield tag="010" ind1=" " ind2=" ">
    <subfield code="a">  2015048458</subfield>
  </datafield>
  <datafield tag="020" ind1=" " ind2=" ">
    <subfield code="a">9781138792296 (hardcover)</subfield>
  </datafield>
  <datafield tag="020" ind1=" " ind2=" ">
    <subfield code="z">9781315762210 (ebook)</subfield>
  </datafield>
  <datafield tag="040" ind1=" " ind2=" ">
    <subfield code="a">DLC</subfield>
    <subfield code="b">eng</subfield>
    <subfield code="c">DLC</subfield>
    <subfield code="e">rda</subfield>
    <subfield code="d">DLC</subfield>
  </datafield>
  <datafield tag="042" ind1=" " ind2=" ">
    <subfield code="a">pcc</subfield>
  </datafield>
  <datafield tag="043" ind1=" " ind2=" ">
    <subfield code="a">a-ja---</subfield>
  </datafield>
  <datafield tag="050" ind1="0" ind2="0">
    <subfield code="a">PL 726.65 .R68 2016</subfield>
  </datafield>
  <datafield tag="082" ind1="0" ind2="0">
    <subfield code="a">895.609/0044</subfield>
    <subfield code="2">23</subfield>
  </datafield>
  <datafield tag="245" ind1="0" ind2="0">
    <subfield code="a">Routledge handbook of modern Japanese literature /</subfield>
    <subfield code="c">edited by Rachael Hutchinson and Leith Morton.</subfield>
  </datafield>
  <datafield tag="300" ind1=" " ind2=" ">
    <subfield code="a">x, 353 pages ;</subfield>
    <subfield code="c">26 cm</subfield>
  </datafield>
  <datafield tag="504" ind1=" " ind2=" ">
    <subfield code="a">Includes bibliographical references and index.</subfield>
  </datafield>
  <datafield tag="505" ind1="0" ind2=" ">
    <subfield code="a">Introduction -- Literature, space and time. Space and time in modern Japanese literature / Stephen Dodd -- Literature short on time: modern moments in haiku and tanka /  Jon Holt -- Kawabata Yasunari's The scarlet gang of Asakusa and Tokyo space / Alisa Freedman -- Inner pieces: isolation, inclusion, and interiority in modern women's fiction /  Amanda C. Seaman -- Gender and sexuality. Queer reading and modern Japanese literature /  J. Keith Vincent -- Feminism and Japanese literature /  Barbara Hartley -- Nagai Kafu's feminist perspective /  Rachael Hutchinson --  Literature and politics. The proletarian literature movement: experiment and experience /  Mats Karlsson -- Writing and politics: Japanese literature and the Fifteen Years War (1931-1945) /  Leith Morton -- Expedient conversion? tenko in trans-war Japanese literature /  Mark Williams -- Reading unequal Japan-U.S. relations in postwar Japanese fiction / Kota Inoue --  Writing war memory. Critical postwar war literature: trauma, narrative memory and responsible history /  David Stahl -- Writing and remembering the Battle of Okinawa: war memory and literature / Kyle Ikeda -- The need to narrate the Tokyo air raids: the literature of Saotome Katsumoto / Justin Aukema --- National and colonial identities. Abusive medicine and continued culpability: the Japanese empire and its aftermaths in East Asian literatures /  Karen Thornber -- National literature and beyond: Mizumura Minae and Hideo Levy / Angela Yiu -- Listening in: the languages of the body in Kim Chang-Saeng's Crimson fruit /  Catherine Ryu --  Bunjin and the bundan. Kuki Shuzo as philosopher-poet / Hiroshi Nara -- The Akutagawa/Tanizaki debate: reflections on bundan discourse / Rebecca Mak -- The rise of women writers, the heisei i-novel, and the contemporary bundan /  Kendall Heitzman --  Literature and technology. Electronic literature and youth culture: the rise of the Japanese cell phone novel /  Kelly Hansen -- Narrative in the digital age: from light novels to web serials / Satomi Saito -- Japanese twitterature: global media, formal innovation, cultural diff&#xE9;rance / Jonathan E. Abel.</subfield>
  </datafield>
  <datafield tag="650" ind1=" " ind2="0">
    <subfield code="a">Japanese literature</subfield>
    <subfield code="y">20th century</subfield>
    <subfield code="x">History and criticism.</subfield>
  </datafield>
  <datafield tag="650" ind1=" " ind2="0">
    <subfield code="a">Japanese literature</subfield>
    <subfield code="y">21st century</subfield>
    <subfield code="x">History and criticism.</subfield>
  </datafield>
  <datafield tag="700" ind1="1" ind2=" ">
    <subfield code="a">Morton, Leith,</subfield>
    <subfield code="e">editor.</subfield>
  </datafield>
  <datafield tag="700" ind1="1" ind2=" ">
    <subfield code="a">Hutchinson, Rachael,</subfield>
    <subfield code="e">editor.</subfield>
  </datafield>
  <datafield tag="906" ind1=" " ind2=" ">
    <subfield code="a">7</subfield>
    <subfield code="b">cbc</subfield>
    <subfield code="c">orignew</subfield>
    <subfield code="d">1</subfield>
    <subfield code="e">ecip</subfield>
    <subfield code="f">20</subfield>
    <subfield code="g">y-gencatlg</subfield>
  </datafield>
  <datafield tag="942" ind1=" " ind2=" ">
    <subfield code="2">lcc</subfield>
    <subfield code="c">BOOKS</subfield>
    <subfield code="h">PL 726.65 .R68 2016</subfield>
  </datafield>
  <datafield tag="999" ind1=" " ind2=" ">
    <subfield code="c">31676</subfield>
    <subfield code="d">31676</subfield>
  </datafield>
  <datafield tag="952" ind1=" " ind2=" ">
    <subfield code="0">0</subfield>
    <subfield code="1">0</subfield>
    <subfield code="2">lcc</subfield>
    <subfield code="4">0</subfield>
    <subfield code="7">0</subfield>
    <subfield code="a">MUC</subfield>
    <subfield code="b">MUC</subfield>
    <subfield code="c">GEN</subfield>
    <subfield code="d">2023-07-17</subfield>
    <subfield code="e">Donation (falcon)</subfield>
    <subfield code="l">0</subfield>
    <subfield code="o">PL 726.65 .R68 2016</subfield>
    <subfield code="p">39461</subfield>
    <subfield code="r">2023-07-03</subfield>
    <subfield code="w">2023-07-17</subfield>
    <subfield code="y">BOOKS</subfield>
  </datafield>
</record>
